Estructuras míticas y arquetipos en el Canto General de Neruda
I tiakina i:
| Kaituhi matua: | |
|---|---|
| Hōputu: | Pukapuka |
| Reo: | Pāniora |
| I whakaputaina: |
Barcelona
Planeta
1976
|
| Rangatū: | Ensayos-Planeta de Linguistica y Crítica Literaria
|
| Ngā marau: | |
| Ngā Tūtohu: |
Tāpirihia he Tūtohu
Kāore He Tūtohu, Me noho koe te mea tuatahi ki te tūtohu i tēnei pūkete!
|
MARC
| LEADER | 00000nam a2200000 a 4500 | ||
|---|---|---|---|
| 001 | UCX8553 | ||
| 003 | CL-VaPUC | ||
| 005 | 20220808124252.0 | ||
| 008 | 940413e19760000SP |||||||||||||||||spa|d | ||
| 999 | |c 228015 |d 228013 | ||
| 040 | |c Pontificia Universidad Católica de Valparaíso | ||
| 082 | 0 | 4 | |a Ch861.09 |b VIL |2 21 |
| 100 | 0 | |a Villegas Morales, Juan |e author |9 325688 | |
| 245 | 1 | 0 | |a Estructuras míticas y arquetipos en el Canto General de Neruda |
| 260 | |a Barcelona |b Planeta |c 1976 | ||
| 300 | |a 209 p | ||
| 490 | 0 | |a Ensayos-Planeta de Linguistica y Crítica Literaria | |
| 583 | |a last modification |c 19940413 00:00:00 |k Rodrigo Vera | ||
| 600 | |a Neruda, Pablo, |d 1904-1973 |x Crítica e interpretación |9 875013 | ||
| 942 | |c BK |2 ddc | ||
| 945 | |d 19940413 00:00:00 |a rbrito | ||
| 952 | |0 0 |1 0 |4 0 |6 CH_861_090000000000000_VIL_1976 |7 0 |8 A |9 227592 |a FDOPOS |b FDOPOS |d 2019-11-15 |i 2966255 |o Ch861.09 VIL 1976 |p 2966255 |r 2025-01-22 |w 2019-11-15 |y BK |k MLH | ||